LDR 00901naa#a2200193#i#450# 001 RU\INFRA-M\bibl\106507 005 20260429173238.3 011 ## _a2308-4898 100 ## _a20250630b2025####ek#y0rusy0150####ca 102 ## _aRU 200 1# _aКлассификация многогранников в курсе «Инженерная графика» для студентов технических и творческих специальностей _eЖурнальная статья 210 1# _aМосква _cОбщество с ограниченной ответственностью «Научно-издательский центр ИНФРА-М» _d2025 215 ## _a13 с. 608 ## _aЖурнальная статья _2local 675 ## _aГеометрия. 514 _z 700 #1 _aНикитина _gТ. А. 700 #1 _aКокорин _gМ. С. 700 #1 _aКнязева _gЕ. В. 856 4# _anaukaru.ru _u